[Event "4NCL/Div2/PPA1 vs. CHEDP"]
[Site "Sunningdale ENG"]
[Date "2008.05.04"]
[Round "10.1"]
[White "Posazhennikov, Alex"]
[Black "Bellin, Robert"]
[Result "1-0"]
[WhiteElo "2247"]
[BlackElo "2407"]
[PlyCount "99"]
[EventDate "2008.05.04"]
[EventCountry "ENG"]
[SourceDate "2007.09.15"]

1. d4 e6 2. c4 f5 3. e4 fxe4 4. Nc3 Nf6 5. Bg5 Bb4 6. Qb3 Bxc3+ 7. Qxc3 O-O 8.
f3 e3 9. Qxe3 b6 10. Bd3 Bb7 11. Ne2 Nc6 12. O-O Qe7 13. Rad1 Rf7 14. Bb1 Ba6
15. b3 b5 16. Rc1 bxc4 17. bxc4 Rb8 18. Rfe1 Rb4 19. Bd3 Na5 20. d5 Bxc4 21.
Bxc4 Nxc4 22. Qxa7 Qd6 23. dxe6 Qxe6 24. Qxc7 d5 25. Qc5 Qb6 26. Qxb6 Nxb6 27.
Be3 Nc4 28. Bd4 Ra4 29. Nc3 Ra5 30. Bxf6 gxf6 31. Nxd5 Ne5 32. Rc8+ Kg7 33. Nc3
Rd7 34. Re2 Ra3 35. h4 Rd3 36. Ne4 Rd1+ 37. Kh2 h5 38. Ng3 Kg6 39. Rg8+ Kh7 40.
Rb8 Kg6 41. Rb6 Nc4 42. Rc6 Ne3 43. Ne4 Nf1+ 44. Kh3 Ne3 45. Rxf6+ Kg7 46. Kg3
Nf1+ 47. Kf4 Ra4 48. Rc6 Rd5 49. Rb2 Ra7 50. Rbb6 1-0

[Event "4NCL/Div2/PPA1 vs. CHEDP"]
[Site "Sunningdale ENG"]
[Date "2008.05.04"]
[Round "10.2"]
[White "Wallace, Paul A"]
[Black "Swanson, Stephen"]
[Result "1/2-1/2"]
[WhiteElo "2258"]
[BlackElo "2231"]
[PlyCount "51"]
[EventDate "2008.05.04"]
[EventCountry "ENG"]
[SourceDate "2007.09.15"]

1. e4 g6 2. d4 Bg7 3. Nc3 d6 4. Be3 a6 5. a4 Nf6 6. h3 O-O 7. Nf3 c5 8. d5 e6
9. Be2 exd5 10. exd5 Nbd7 11. O-O Re8 12. Bg5 h6 13. Bh4 Qc7 14. Nd2 Rb8 15. a5
b5 16. axb6 Nxb6 17. Bxa6 Bxa6 18. Rxa6 Qb7 19. Ra2 Nfxd5 20. Nxd5 Qxd5 21. b3
Qe6 22. Ra6 d5 23. Nf3 Ra8 24. Rxa8 Rxa8 25. Re1 Qf5 26. Qd3 1/2-1/2

[Event "4NCL/Div2/PPA1 vs. CHEDP"]
[Site "Sunningdale ENG"]
[Date "2008.05.04"]
[Round "10.3"]
[White "Harley, Andrew"]
[Black "Hawthorne, John"]
[Result "0-1"]
[WhiteElo "2216"]
[BlackElo "2330"]
[PlyCount "128"]
[EventDate "2008.05.04"]
[EventCountry "ENG"]
[SourceDate "2007.09.15"]

1. e4 e6 2. d4 b6 3. Nf3 Bb7 4. Bd3 Nf6 5. Qe2 d6 6. O-O Be7 7. c4 O-O 8. Nc3
Nbd7 9. Bd2 e5 10. d5 a5 11. Ne1 Nc5 12. Bc2 Bc8 13. h3 Nfd7 14. g3 Bf6 15. f4
exf4 16. gxf4 Re8 17. Nf3 Nf8 18. e5 Ng6 19. Bxg6 hxg6 20. Qh2 Be7 21. Nd4 Bf5
22. Nxf5 gxf5 23. Rf3 Bh4 24. Be3 Ne4 25. Bd4 dxe5 26. Bxe5 f6 27. Bd4 Nxc3 28.
Rxc3 Re4 29. Bf2 Bxf2+ 30. Qxf2 Qd6 31. Re1 Rae8 32. Rce3 Qb4 33. Rxe4 fxe4 34.
b3 a4 35. Qe3 f5 36. Re2 axb3 37. Qxb3 Qc5+ 38. Kg2 Ra8 39. Qb5 Qd6 40. Qc6
Qxc6 41. dxc6 Ra5 42. Rd2 Rc5 43. Rd8+ Kh7 44. Rd5 Rxc4 45. Rxf5 Rxc6 46. Re5
Rc2+ 47. Kg3 Rxa2 48. Rxe4 c5 49. Re7 b5 50. Rc7 Rc2 51. Kg4 b4 52. Rb7 Rg2+
53. Kf3 Rh2 54. Kg4 Rd2 55. f5 Kg8 56. Rb5 Rd6 57. Rxc5 Rb6 58. Rc2 b3 59. Rb2
Kf7 60. Kg5 Rb8 61. h4 Rb4 62. h5 Rb6 63. f6 Rb5+ 64. Kg4 Kxf6 0-1

[Event "4NCL/Div2/PPA1 vs. CHEDP"]
[Site "Sunningdale ENG"]
[Date "2008.05.04"]
[Round "10.4"]
[White "Bennett, Patrick"]
[Black "Dunn, Andrew"]
[Result "1/2-1/2"]
[WhiteElo "2128"]
[BlackElo "2210"]
[PlyCount "167"]
[EventDate "2008.05.04"]
[EventCountry "ENG"]
[SourceDate "2007.09.15"]

1. d4 d5 2. c4 c6 3. Nf3 Nf6 4. Nc3 a6 5. e3 e6 6. Bd3 Nbd7 7. O-O Bd6 8. b3
O-O 9. Bb2 Qe7 10. Re1 Ba3 11. Bxa3 Qxa3 12. Qc2 c5 13. Rad1 dxc4 14. bxc4 h6
15. h3 Qa5 16. Nd2 Qc7 17. Nde4 b6 18. dxc5 bxc5 19. Nd6 Rb8 20. Nxc8 Rfxc8 21.
Rd2 Rd8 22. Red1 Ne5 23. Be2 Rxd2 24. Qxd2 Rb4 25. Qd6 Qxd6 26. Rxd6 Nxc4 27.
Rxa6 Nb6 28. a4 Nfd5 29. Nxd5 Nxd5 30. a5 c4 31. Rc6 Ra4 32. a6 Nb4 33. Rxc4
Ra1+ 34. Kh2 Nxa6 35. Rc8+ Kh7 36. Ra8 Ra2 37. Bd3+ g6 38. Rxa6 Rxf2 39. Bb5
Kg7 40. Kg3 Rf5 41. Bd3 Rd5 42. Bc4 Rc5 43. Ra4 Rg5+ 44. Kf3 Rf5+ 45. Ke2 Rg5
46. g4 h5 47. Kf3 Rc5 48. Ba2 Rb5 49. Ra7 Kf6 50. Ra4 Rc5 51. Bc4 hxg4+ 52.
hxg4 Rc7 53. Bd3 Rc3 54. Bb5 Rc7 55. Kf4 Rc5 56. Bd3 Rd5 57. Be4 g5+ 58. Kf3
Rc5 59. Ra7 Rc1 60. Bd3 Rc5 61. Rb7 Rc8 62. Bb5 Kg6 63. Re7 Kf6 64. Re8 Rc5 65.
Bd3 Rd5 66. Be4 Ra5 67. Ra8 Rc5 68. Ra7 Rc1 69. Bd3 Rc5 70. Rb7 Ra5 71. Bb5 Ra8
72. Ke4 Rd8 73. Rc7 Rb8 74. Bc4 Rd8 75. Rb7 Rc8 76. Kd4 Rd8+ 77. Kc5 Rc8+ 78.
Kb4 Rh8 79. Bb5 Rc8 80. Bd7 Rc1 81. Ra7 Ke5 82. Ra5+ Kf6 83. Rc5 Re1 84. Rc3
1/2-1/2

[Event "4NCL/Div2/PPA1 vs. CHEDP"]
[Site "Sunningdale ENG"]
[Date "2008.05.04"]
[Round "10.5"]
[White "Dargan, Paul"]
[Black "Berglitz, Regina H"]
[Result "1-0"]
[WhiteElo "2185"]
[BlackElo "2103"]
[PlyCount "61"]
[EventDate "2008.05.04"]
[EventCountry "ENG"]
[SourceDate "2007.09.15"]

1. e4 d5 2. exd5 Qxd5 3. Nc3 Qa5 4. d4 c6 5. Nf3 Bf5 6. Bc4 Nf6 7. Ne5 e6 8.
Qe2 Nbd7 9. Bd2 Bb4 10. a3 Nxe5 11. dxe5 Nd5 12. Bxd5 exd5 13. O-O Bxc3 14.
Bxc3 Qa4 15. Bb4 Qxc2 16. Qe3 a5 17. Bd6 Rd8 18. Rae1 h6 19. Qb6 Rd7 20. Rc1
Qa4 21. Qa7 Qb3 22. Qb8+ Rd8 23. Qc7 Bd7 24. Qxa5 Bf5 25. Qc7 Bd7 26. Bb4 d4
27. Qd6 Qe6 28. Qxd4 f5 29. exf6 Qxf6 30. Rfe1+ Be6 31. Qxf6 1-0

[Event "4NCL/Div2/PPA1 vs. CHEDP"]
[Site "Sunningdale ENG"]
[Date "2008.05.04"]
[Round "10.6"]
[White "Rowe, Peter"]
[Black "Byway, Paul"]
[Result "1/2-1/2"]
[WhiteElo "2051"]
[BlackElo "2152"]
[PlyCount "140"]
[EventDate "2008.05.04"]
[EventCountry "ENG"]
[SourceDate "2007.09.15"]

1. d4 Nf6 2. Nf3 b6 3. Bf4 Bb7 4. e3 c5 5. c3 d6 6. Nbd2 g6 7. h3 Bg7 8. Be2
O-O 9. O-O Nbd7 10. a4 a6 11. Bg3 Qc7 12. Qb3 Bc6 13. Qa3 Qb7 14. b4 cxd4 15.
cxd4 Ne4 16. Nxe4 Bxe4 17. Rac1 Rfc8 18. Rfd1 Nf6 19. Ne1 Rxc1 20. Rxc1 Rc8 21.
f3 Bd5 22. Bd3 Bh6 23. Bf2 Be6 24. Qb2 Nd5 25. Rxc8+ Qxc8 26. Nc2 Nc3 27. Bxa6
Qxa6 28. Qxc3 Qxa4 29. e4 Qb3 30. Qxb3 Bxb3 31. Be3 Bg7 32. Na3 d5 33. Nb5 Bc4
34. Na3 Bd3 35. e5 Kf8 36. Kf2 Ke8 37. Bd2 b5 38. Ke3 Bf1 39. Kf2 Bc4 40. Nc2
Kd7 41. Be3 Ke6 42. g4 f6 43. f4 Bd3 44. Na1 Bc4 45. Nc2 Kf7 46. Bd2 Bd3 47.
Ne1 Be4 48. Nf3 Bxf3 49. Kxf3 g5 50. Bc3 gxf4 51. exf6 Kxf6 52. Kxf4 Bh6+ 53.
Kf3 Bc1 54. h4 Kg6 55. Kg3 e6 56. Kf3 h5 57. Kg3 Bh6 58. g5 Bf8 59. Kf3 Kf5 60.
Bd2 Be7 61. Bc3 Bd6 62. Bd2 e5 63. dxe5 Bxe5 64. Be1 Bb2 65. Bg3 Bc1 66. Be1
Bb2 67. Bd2 Be5 68. Be1 Bg7 69. Bd2 d4 70. Be1 Bf8 1/2-1/2

[Event "4NCL/Div2/PPA1 vs. CHEDP"]
[Site "Sunningdale ENG"]
[Date "2008.05.04"]
[Round "10.7"]
[White "Rosen, Daniel B"]
[Black "Baxter, Chris (reserve)"]
[Result "1-0"]
[WhiteElo "2137"]
[BlackElo "1790"]
[PlyCount "95"]
[EventDate "2008.05.04"]
[EventCountry "ENG"]
[SourceDate "2007.09.15"]

1. e4 d6 2. d4 Nf6 3. Nc3 Nbd7 4. Bd3 e5 5. Nge2 Be7 6. O-O O-O 7. h3 c6 8. Be3
Qc7 9. Ng3 g6 10. Qd2 Re8 11. f4 Bf8 12. dxe5 dxe5 13. f5 Bg7 14. Rf3 Kh8 15.
Raf1 Qd6 16. Qf2 b5 17. Rd1 Qb4 18. Bc1 Qd4 19. Be3 Qb4 20. Rb1 Bb7 21. a3 Qf8
22. Rf1 Qd6 23. Rd1 Qf8 24. fxg6 fxg6 25. Be2 Qg8 26. Bxa7 Rf8 27. Be3 Qe6 28.
Qe1 Rf7 29. Qd2 Bf8 30. Rdf1 Bc5 31. Bxc5 Nxc5 32. Qg5 Ncd7 33. R3f2 Raf8 34.
h4 Qe8 35. h5 Nxh5 36. Rxf7 Rxf7 37. Rxf7 Qxf7 38. Nxh5 gxh5 39. Bxh5 Qf6 40.
Qxf6+ Nxf6 41. Bf3 Kg7 42. Kf2 Kg6 43. Ke3 h5 44. b4 Kg5 45. a4 bxa4 46. Nxa4
Ba6 47. Nc5 h4 48. Nxa6 1-0

[Event "4NCL/Div2/PPA1 vs. CHEDP"]
[Site "Sunningdale ENG"]
[Date "2008.05.04"]
[Round "10.8"]
[White "Edwards, Simon"]
[Black "Bentley, Emma"]
[Result "1-0"]
[WhiteElo "2034"]
[BlackElo "1605"]
[PlyCount "97"]
[EventDate "2008.05.04"]
[EventCountry "ENG"]
[SourceDate "2007.09.15"]

1. d4 Nf6 2. Nf3 d5 3. Bg5 Bf5 4. Nbd2 Nbd7 5. e3 c6 6. Be2 e6 7. Nh4 Bg6 8.
Nxg6 fxg6 9. Bf4 Nb6 10. O-O Be7 11. c4 O-O 12. Qb3 Qd7 13. c5 Nc8 14. Nf3 b6
15. Ne5 Qe8 16. Ba6 bxc5 17. Bb7 Rb8 18. Nxc6 c4 19. Qb5 Rxb7 20. Qxb7 Qd7 21.
Qxd7 Nxd7 22. Nxe7+ Nxe7 23. Bd6 Re8 24. b3 cxb3 25. axb3 Nc8 26. Bc5 Nxc5 27.
dxc5 Re7 28. b4 Rb7 29. Rfb1 Rc7 30. Rd1 Kf7 31. e4 Ne7 32. exd5 Nxd5 33. Rd4
Kf6 34. Re1 a6 35. g3 a5 36. bxa5 Rxc5 37. Ra1 Nc3 38. Rb4 Nd5 39. Rb7 Nc7 40.
a6 Nxa6 41. Rxa6 Re5 42. Raa7 Re1+ 43. Kg2 Kg5 44. Rxg7 h6 45. Rgf7 e5 46. f4+
exf4 47. Ra5+ Re5 48. Rxe5+ Kg4 49. Rxf4# 1-0

[Event "4NCL/Div2/PAP vs. OXF1"]
[Site "Sunningdale ENG"]
[Date "2008.05.04"]
[Round "10.1"]
[White "Emms, John M"]
[Black "Savage, Ben D"]
[Result "1-0"]
[WhiteElo "2503"]
[BlackElo "2315"]
[PlyCount "161"]
[EventDate "2008.05.04"]
[EventCountry "ENG"]
[SourceDate "2007.09.15"]

1. e4 c5 2. Nf3 Nc6 3. c3 Nf6 4. e5 Nd5 5. d4 cxd4 6. cxd4 d6 7. Bc4 Nb6 8. Bb5
dxe5 9. Nxe5 Bd7 10. Nxd7 Qxd7 11. Nc3 e6 12. O-O Be7 13. Qg4 O-O 14. Bxc6 Qxc6
15. Bh6 Bf6 16. Rfd1 Qd6 17. Ne4 Qe7 18. Rd3 Kh8 19. Bf4 Rad8 20. Rh3 Rd5 21.
Nxf6 Qxf6 22. Be5 Qg6 23. Qxg6 fxg6 24. Ra3 Ra8 25. Rc1 Rd7 26. Rac3 Kg8 27.
Kf1 Nd5 28. Rc8+ Rxc8 29. Rxc8+ Kf7 30. Ke2 g5 31. a3 Ne7 32. Ra8 Nc6 33. Ke3
Nxe5 34. dxe5 a6 35. Rb8 h6 36. g4 Ke7 37. h3 Kf7 38. f3 Ke7 39. Ke4 Kf7 40.
Rc8 Ke7 41. Rg8 Kf7 42. Rb8 Ke7 43. b4 Kf7 44. a4 Ke7 45. b5 axb5 46. axb5 Kf7
47. b6 Ke7 48. Ke3 Kf7 49. Kf2 Kg6 50. Kg3 Rd5 51. Rxb7 Rxe5 52. Kf2 Kf6 53.
Rc7 g6 54. b7 Rb5 55. Ke3 Rb4 56. Kd3 Ke5 57. Rf7 h5 58. Kc3 Rb1 59. Kc4 Kd6
60. Rg7 hxg4 61. hxg4 Rb2 62. Kd4 Rb4+ 63. Ke3 Ke5 64. Rd7 Rb3+ 65. Kd2 Kf4 66.
Kc2 Rb6 67. Rf7+ Ke5 68. Kc3 Rb1 69. Rd7 Rb6 70. Kc4 Rb1 71. Kc5 Rb2 72. Kc6
Kf4 73. Rf7+ Kg3 74. Kc7 Rc2+ 75. Kd6 Rb2 76. Kxe6 Rb6+ 77. Kd5 Rb5+ 78. Kc6
Rb1 79. Kc7 Rc1+ 80. Kd7 Rb1 81. Kc8 1-0

[Event "4NCL/Div2/PAP vs. OXF1"]
[Site "Sunningdale ENG"]
[Date "2008.05.04"]
[Round "10.2"]
[White "Rose, Matthew"]
[Black "Summerscale, Aaron"]
[Result "1/2-1/2"]
[WhiteElo "2243"]
[BlackElo "2472"]
[PlyCount "103"]
[EventDate "2008.05.04"]
[EventCountry "ENG"]
[SourceDate "2007.09.15"]

1. e4 c6 2. d4 d5 3. exd5 cxd5 4. c4 Nf6 5. Nc3 Nc6 6. Nf3 g6 7. cxd5 Nxd5 8.
Qb3 Nxc3 9. Bc4 Nd5 10. Bxd5 e6 11. Bxc6+ bxc6 12. O-O Qd5 13. Bf4 f6 14. Qe3
Bb7 15. Rac1 Be7 16. h4 Kf7 17. Rfe1 Rac8 18. b4 h6 19. Rc5 Bxc5 20. bxc5 h5
21. Be5 Rcf8 22. Bxf6 Kxf6 23. Ne5 Kg7 24. Rb1 Bc8 25. Rb8 Rf5 26. Ra8 Rxe5 27.
Rxa7+ Kg8 28. dxe5 Rh7 29. Ra8 Rc7 30. Qg5 Kh7 31. Qf6 Qd7 32. Qf8 Qd1+ 33. Kh2
Qg4 34. Rxc8 Qxh4+ 35. Kg1 Rxc8 36. Qxc8 Qf4 37. Qd7+ Kh6 38. Qxe6 Qc1+ 39. Kh2
Qf4+ 40. Kh3 Qe4 41. Kh2 Qf4+ 42. Kh3 Qxf2 43. Qf6 Qe3+ 44. Kh2 Qd4 45. a4 Qxc5
46. Qf4+ Kg7 47. e6 h4 48. Qf7+ Kh6 49. Qc7 Qe3 50. Qd6 c5 51. e7 c4 52. e8=Q
1/2-1/2

[Event "4NCL/Div2/PAP vs. OXF1"]
[Site "Sunningdale ENG"]
[Date "2008.05.04"]
[Round "10.3"]
[White "Ward, Chris G"]
[Black "Ozeren, Kemal"]
[Result "1-0"]
[WhiteElo "2447"]
[BlackElo "2321"]
[PlyCount "91"]
[EventDate "2008.05.04"]
[EventCountry "ENG"]
[SourceDate "2007.09.15"]

1. d4 d5 2. c4 dxc4 3. e4 Nf6 4. e5 Nd5 5. Bxc4 Nb6 6. Bb3 Nc6 7. Nf3 e6 8. Nc3
Nb4 9. O-O Be7 10. a3 N4d5 11. Ne4 Bd7 12. Re1 h6 13. Nc5 Bc6 14. Qc2 Bg5 15.
Re4 Qe7 16. Nxg5 hxg5 17. Rg4 Rh5 18. a4 a5 19. Bd2 O-O-O 20. Bxa5 Rdh8 21. h3
Nf4 22. Ne4 Nxh3+ 23. gxh3 Rxh3 24. Bxb6 f5 25. exf6 Qxf6 26. Kf1 Qf3 27. Bxe6+
Kb8 28. Ke1 Rh1+ 29. Kd2 Rxa1 30. d5 Rhh1 31. Nc3 cxb6 32. dxc6 Qxf2+ 33. Ne2
Qe1+ 34. Ke3 Rh3+ 35. Ke4 Qh1+ 36. Kf5 Rf1+ 37. Nf4 g6+ 38. Kxg5 Rh5+ 39. Kxg6
Rh6+ 40. Kg7 bxc6 41. Qd3 Rh8 42. Qd6+ Ka7 43. Bg8 Rd1 44. Qc7+ Ka8 45. Qc8+
Ka7 46. Kf8 1-0

[Event "4NCL/Div2/PAP vs. OXF1"]
[Site "Sunningdale ENG"]
[Date "2008.05.04"]
[Round "10.4"]
[White "White, Michael J R"]
[Black "Hamdouchi, Adina"]
[Result "1-0"]
[WhiteElo "2276"]
[BlackElo "2297"]
[Annotator "Armstrong,Malcolm"]
[PlyCount "63"]
[EventDate "2008.05.04"]
[EventCountry "ENG"]
[SourceDate "2007.09.15"]

1. e4 g6 2. d4 Bg7 3. Nc3 c6 4. Be3 d5 5. f3 dxe4 6. fxe4 Nf6 7. Nf3 Ng4 8. Bg5
Qb6 9. Qd2 f6 10. Bf4 e5 11. dxe5 fxe5 12. Bg5 h6 13. Na4 Qc7 14. Bh4 Be6 15.
Nc5 Bf7 16. Nxb7 O-O 17. Nd8 g5 18. Nxf7 gxh4 19. Bc4 Rxf7 20. O-O Nf6 21. Nxe5
Qxe5 22. Qd8+ Bf8 23. Rf5 Qxb2 24. Qxf6 Qxf6 25. Rxf6 Bc5+ 26. Kh1 Nd7 27. Rxf7
Ne5 28. Rxa7+ Nxc4 29. Rxa8+ Kg7 30. a4 Ne3 31. a5 Ng4 32. Rf1 {time} 1-0

[Event "4NCL/Div2/PAP vs. OXF1"]
[Site "Sunningdale ENG"]
[Date "2008.05.04"]
[Round "10.5"]
[White "Winkelmann, Elena"]
[Black "Shaw, David A"]
[Result "1/2-1/2"]
[WhiteElo "2087"]
[BlackElo "2259"]
[PlyCount "143"]
[EventDate "2008.05.04"]
[EventCountry "ENG"]
[SourceDate "2007.09.15"]

1. c4 e6 2. Nc3 d5 3. d4 Nf6 4. cxd5 exd5 5. Bg5 Nbd7 6. e3 c6 7. Bd3 Be7 8.
Qc2 O-O 9. Nge2 Re8 10. O-O Nf8 11. f3 Ng6 12. e4 dxe4 13. fxe4 Bg4 14. Be3 Be6
15. h3 Qd7 16. Ng3 Bd8 17. Rad1 Bb6 18. Qf2 Rad8 19. Be2 Qe7 20. e5 Nd5 21.
Nxd5 Bxd5 22. Nf5 Qb4 23. b3 Be6 24. Kh1 Qf8 25. Bc4 Bxc4 26. bxc4 f6 27. exf6
gxf6 28. h4 Re6 29. Qg3 Kf7 30. c5 Ba5 31. Bh6 Qg8 32. Bf4 Kf8 33. Bd6+ Ke8 34.
h5 Ne7 35. Qxg8+ Nxg8 36. Ng7+ Kf7 37. Nxe6 Kxe6 38. Kh2 Nh6 39. Bg3 Rd5 40.
Bf4 Rxh5+ 41. Kg3 Nf5+ 42. Kf3 Ne7 43. Bb8 b5 44. Bxa7 Rd5 45. Rh1 h5 46. Bb8
Bc3 47. Bd6 Nf5 48. Rxh5 Nxd4+ 49. Kg4 Nf5 50. Rxd5 Ne3+ 51. Kf3 Nxd5 52. Ke4
Bb4 53. g4 Nc3+ 54. Kd4 Ne2+ 55. Ke4 Nc3+ 56. Kd4 Ne2+ 57. Kd3 Nc3 58. a3 Ba5
59. Rh7 Nd5 60. Ra7 Bc3 61. Ra6 Kd7 62. Ke4 Bb2 63. Bf4 Ne7 64. Be3 Ke6 65. Bd4
Bc1 66. a4 bxa4 67. Rxa4 Bg5 68. Ra6 Bd2 69. Ra7 Nd5 70. Ra2 Bg5 71. Ra6 Ne7
72. Ra7 1/2-1/2

[Event "4NCL/Div2/PAP vs. OXF1"]
[Site "Sunningdale ENG"]
[Date "2008.05.04"]
[Round "10.6"]
[White "Eckersley-Waites, Tom"]
[Black "Flear, Christine"]
[Result "1-0"]
[WhiteElo "2222"]
[BlackElo "2142"]
[PlyCount "67"]
[EventDate "2008.05.04"]
[EventCountry "ENG"]
[SourceDate "2007.09.15"]

1. e4 c5 2. Nf3 e6 3. d4 cxd4 4. Nxd4 a6 5. Nc3 Qc7 6. Bd3 g6 7. Be3 Bg7 8. O-O
Ne7 9. f4 f5 10. exf5 exf5 11. Bxf5 Nbc6 12. Be4 O-O 13. Nf3 d6 14. Qd2 Bf5 15.
Nd5 Nxd5 16. Bxd5+ Kh8 17. Rad1 Ne7 18. Bb3 Rad8 19. Qf2 Nc8 20. c3 Rde8 21.
Rfe1 Bg4 22. Rd2 Bxf3 23. Qxf3 Nb6 24. Rd4 Re7 25. Re4 Nc8 26. Bf2 Rxe4 27.
Qxe4 b5 28. g3 Nb6 29. Qe7 Qc6 30. Bd4 Bxd4+ 31. cxd4 Rf5 32. Qd8+ Kg7 33. Re7+
Kh6 34. Rxh7+ 1-0

[Event "4NCL/Div2/PAP vs. OXF1"]
[Site "Sunningdale ENG"]
[Date "2008.05.04"]
[Round "10.8"]
[White "Foster, James M"]
[Black "Yurenok, Maria S"]
[Result "0-1"]
[WhiteElo "1770"]
[BlackElo "2043"]
[PlyCount "98"]
[EventDate "2008.05.04"]
[EventCountry "ENG"]
[SourceDate "2007.09.15"]

1. e4 c5 2. Nf3 e6 3. d4 cxd4 4. Nxd4 Nc6 5. Nc3 Qc7 6. Be2 a6 7. O-O Nf6 8.
Be3 b5 9. Bf3 Ne5 10. Bf4 b4 11. Nb1 Bb7 12. Kh1 Be7 13. a3 bxa3 14. Nxa3 O-O
15. Qe2 d6 16. Bxe5 dxe5 17. Nb3 Rac8 18. Rfc1 Rfd8 19. Nd2 Rd4 20. c3 Ra4 21.
Nc2 Rxa1 22. Rxa1 Nd7 23. Ne3 Bc5 24. Nec4 Rd8 25. Na5 Bc8 26. b4 Ba7 27. Ndc4
Nb6 28. Rd1 Rxd1+ 29. Qxd1 Nxc4 30. Nxc4 f6 31. Qd3 Bxf2 32. Nd6 Be1 33. b5
axb5 34. Nxb5 Qd7 35. Qxd7 Bxd7 36. c4 Bb4 37. Kg1 Kf7 38. Kf2 Ke7 39. Ke3 Bc5+
40. Kd3 Bc6 41. Kc3 Kd8 42. Kb3 Kd7 43. Ka4 f5 44. exf5 exf5 45. Ka5 e4 46. Be2
f4 47. Bg4+ Kd8 48. Ka6 f3 49. gxf3 exf3 0-1